000 00333pam a2200157a 44500
008 230515b2001 xxu||||| |||| 00| 0 eng d
020 _aNULL
041 _aENGLISH
082 _a0
100 _aTHOMSON W J
245 _aTRANSPOST PENOMENA
250 _a0
260 _a
_bPEASON EDUE.
_c2001
300 _a509P
650 _aNULL
999 _c593828
_d593828